| 000 | 00640nam a2200217 a 4500 | ||
|---|---|---|---|
| 005 | 20230808063637.0 | ||
| 008 | 030306s2000 es r 000 0 spa d | ||
| 020 | _a8480634170 | ||
| 035 | _aUPN01000122606 | ||
| 049 | _aCG | ||
| 050 | 4 |
_aLB2806.15 _bG6.3 |
|
| 100 | 1 |
_aGoodson, Ivor F., _d1945- _939265 |
|
| 245 | 1 | 3 |
_aEl cambio en el currículum / _cIvor F. Goodson. |
| 260 |
_aEspaña : _bOctaedro, _c2000. |
||
| 300 | _a220 p. | ||
| 440 | 0 |
_aRepensar la educación ; _v9 |
|
| 534 |
_pTraducción de: _tThe changing currículum |
||
| 650 | 2 |
_aPlanificación curricular _95734 |
|
| 650 | 4 |
_aCambios curriculares _94893 |
|
| 905 | _aLibro | ||
| 999 |
_c94791 _d94791 |
||